Obálka Náhled e-knihy:
PDF Epub
Pro půjčování e-knih musíte být přihlášeni.
Jak si půjčit online?

Vzpomínka na mrtvé /

V tomto mrazivém románu autora „nezapomenutelného a děsivého“ (cit. Harlan Coben) Honu na Bubáka se skupina studentů během cesty po Apalačských horách střetne s nadpřirozenou hrůzou.1983: Tři vysokoškolští studenti se vydávají na týdenní výlet, aby pro svůj školní projekt natočili dokument o pomníčc...

Celý popis

Uloženo v:
Hlavní autor: Chizmar, Richard (Autor)
Médium: E-kniha
Jazyk:Czech
Vydáno: Praha : DOBROVSKÝ s.r.o., 2026
Tagy:
Žádné tagy
LEADER 02048nam a22002297i 4500
001 302544
007 ta
008 260513s2026 xr ||||| |||| 00| 0 cze d
020 |a 9788027760428 
044 |a xr 
100 1 |a  Chizmar, Richard  |4 aut 
245 1 0 |a Vzpomínka na mrtvé /  |c  Chizmar, Richard 
264 1 |a Praha :  |b DOBROVSKÝ s.r.o.,  |c 2026 
300 |a 1 online zdroj (512 stran) 
336 |a text  |b txt  |2 rdacontent 
337 |a bez média  |b n  |2 rdamedia 
338 |a online zdroj  |b cr  |2 rdacarrier 
520 2 |a V tomto mrazivém románu autora „nezapomenutelného a děsivého“ (cit. Harlan Coben) Honu na Bubáka se skupina studentů během cesty po Apalačských horách střetne s nadpřirozenou hrůzou.1983: Tři vysokoškolští studenti se vydávají na týdenní výlet, aby pro svůj školní projekt natočili dokument o pomníčcích u silnice. Projekt začíná jako zábavné dobrodružství provázené dlouhými jízdami po prázdných silnicích a nočními táboráky, kde se sobě navzájem začínají otevírat.Když se však odváží vydat hlouběji do apalačských lesů, atmosféra začíná temnět. Všímají si, že stále více památníků obsahuje zvláštní, znepokojivý symbol, který ukazuje na zlověstné tajemství. Paranoia se prohlubuje, když se jim začne zdát, že jsou sledováni. S jejich vozidlem je přes noc manipulováno a někteří místní obyvatelé působí všelijak, jen ne vlídně.Zanedlouho začne studenty trápit otázka, zda tato úmrtí na silnici byla skutečně náhodnými nehodami… nebo se tady děje cosi děsivého? 
910 |a RBIT002 
998 |d 427061  |a https://core.palmknihy.cz/api/books/427061/cover?tewz0v  |b https://core.palmknihy.cz/api/books/427061/cover/400?tewz0v  |c https://core.palmknihy.cz/api/books/427061/cover/50?tewz0v  |e 2029-09-09  |g 512  |i 9788027760428  |j https://core.palmknihy.cz/api/books/427061/preview.epub  |k https://core.palmknihy.cz/api/books/427061/preview.pdf  |l   |q 49  |r 1  |s https://www.palmknihy.cz/kniha/427061  |t ebook  |y 2026  |z 1 
999 |d 302542